Rozpoznaj polskie parki narodowy po atrakcjach turystycznych - Statystyki

Ogólne statystyki
  • Ten quiz został rozwiązany 285 razy
  • Średni wynik to 12 z 23
Statystyki odpowiedzi
Atrakcje turystyczne Parki narodowe % Poprawnych
Rezerwat Pokazowy Żubrów Białowieski PN
96%
Maczuga Herkulesa Ojcowski PN
86%
Śnieżka Karkonoski PN
80%
Trzy Korony Pieniński PN
75%
Nadmorskie klify Woliński PN
69%
Łysa Góra Świętokrzyski PN
66%
Błędne Skały PN Gór Stołowych
61%
Wydma Łączka Słowiński PN
61%
Orla Perć Tatrzański PN
61%
Nadwarciańskie rozlewiska PN Ujście Warty
57%
Połonina Caryńska Bieszczadzki PN
56%
Miejsce Pamięci Palmiry Kampinoski PN
46%
Turbacz Gorczański PN
45%
Diablak Babiogórski PN
44%
Carska Droga Biebrzański PN
37%
Dąb Bartuś PN Bory Tucholskie
34%
Jezioro Góreckie Wielkopolski PN
34%
Góra Lackowa Magurski PN
33%
Kładka Waniewo-Śliwno Narwiański PN
31%
Bukowa Góra Roztoczański PN
30%
Klasztor Kamedułów Wigierski PN
30%
Jezioro Ostrowiec Drawieński PN
28%
Jezioro Wytyckie Poleski PN
28%
Nie znaleziono quizów pasujących do podanych kryteriów
Rozkład punktacji
Procent ludzi z każdym wynikiem
Percentyl według liczby udzielonych odpowiedzi
Twoja historia wyników
Nie rozwiązałeś tego quizu